000 00299nam a2200121Ia 4500
008 190216s9999||||xx |||||||||||||| ||und||
100 _aCareers
245 0 _aCareers In Road Transport
260 _bCareer`S Study Center. Newdelhi
_c1979
300 _a60p
650 _aRoad Transport
942 _cREF
999 _c35812
_d35812